000 00388cam a22001337a 4500
008 180718b1960 xxu||||| |||| 00| 0 eng d
082 _aLx5442 F/1960
100 _aBombay. Finance Committee
245 _aReport of the Finance Commission, 1960
260 _aBombay
_bThe author
_c1960
300 _a75p.
500 _aChairman: P.C. Bhattacharya
700 _aBhattacharya, P.C. (Chairman)
999 _c489382
_d489382